Governments on the WWW (Record no. 120074)

MARC details
000 -LEADER
fixed length control field 00485cam a2200145 4500
001 - CONTROL NUMBER
control field WS118700
008 - FIXED-LENGTH DATA ELEMENTS--GENERAL INFORMATION
fixed length control field 020704n 000 0 eng u
035 ## - SYSTEM CONTROL NUMBER
System control number (Sirsi) u118700
245 ## - TITLE STATEMENT
Title Governments on the WWW
520 ## - SUMMARY, ETC.
Summary, etc. Comprehensive database of governments and government institutions worldwide on the internet.
650 ## - SUBJECT ADDED ENTRY--TOPICAL TERM
Topical term or geographic name entry element GOVERNMENT
690 ## - LOCAL SUBJECT ADDED ENTRY--TOPICAL TERM (OCLC, RLIN)
Topical term or geographic name as entry element INTERNATIONAL
856 40 - ELECTRONIC LOCATION AND ACCESS
Uniform Resource Identifier <a href="https://www.gksoft.com/govt">https://www.gksoft.com/govt</a>
Public note View the website free of charge at www.gksoft.com/govt...
942 ## - ADDED ENTRY ELEMENTS (KOHA)
Suppress in OPAC 0
Holdings
Withdrawn status Lost status Source of classification or shelving scheme Damaged status Not for loan Home library Current library Shelving location Date acquired Total Checkouts Full call number Barcode Date last seen Copy number Price effective from Koha item type
    Dewey Decimal Classification     Virtual Virtual Online 04/07/2002   WEB SITE 118700-2001 06/08/2019 1 06/08/2019 Online material